3-Letter Words Containing W - Statistics

General Stats
  • This quiz has been taken 187 times
  • The average score is 51 of 61
Answer Stats
word % Correct
win
99%
wad
96%
won
96%
was
95%
wit
95%
wag
94%
war
94%
wet
94%
wow
94%
tow
93%
wan
93%
wig
93%
way
92%
bow
91%
how
91%
row
91%
web
91%
mow
90%
now
90%
sew
90%
wed
90%
cow
89%
few
89%
low
89%
mew
89%
new
89%
pow
89%
saw
89%
sow
88%
wee
88%
awe
87%
dew
87%
hew
87%
law
87%
paw
87%
pew
87%
raw
87%
ewe
84%
maw
84%
wax
84%
wok
84%
woo
84%
jaw
83%
wog
83%
why
82%
who
81%
wop
81%
owe
79%
haw
78%
vow
78%
yew
75%
owl
73%
yaw
72%
woe
71%
own
70%
yow
69%
awl
57%
two
55%
wry
52%
wye
43%
cwm
13%
No matching quizzes found
Score Distribution
Percent of People with Each Score
Percentile by Number Answered
Your Score History
You have not taken this quiz